New Jersey True Or False - Statistics

General Stats
  • This quiz has been taken 203 times
    187 since last reset
  • The average score is 11 of 15
Answer Stats
Question Answer % Correct
Newark Is The Capital Of New Jersey False
100%
New Jersey Borders Connecticut False
100%
New Jersey Is Republican False
94%
New Jersey Has More than 25 Counties False
94%
New Jersey Is The Only State To Not Sign The Bill Of Rights False
94%
New Jersey Was One Of The 13 Colonies True
94%
New Jersey Has The World's Longest Boardwalk True
94%
The Lenape Tribe Did Not Live in New Jersey False
81%
New Jersey Has The Highest Population Density Out Of Any State True
81%
There is a spoon museum located in New Jersey True
75%
Shaquille O'Neal Is From New Jersey True
75%
Warren Buffet Lives in New Jersey False
69%
Indian-Americans Are The Largest Immigrant Group In New Jersey True
63%
New Jersey's Population Increased by over 10,000 from 2018 To 2019 False
6%
New Jersey Has A Volcano True
0%
No matching quizzes found
Score Distribution
Percent of People with Each Score
Percentile by Number Answered
Your Score History
You have not taken this quiz since the last reset